Najkrótsze nazwy polskich miast - Statystyki

Ogólne statystyki
  • Ten quiz został rozwiązany 162 razy
  • Średni wynik to 11 z 30
Statystyki odpowiedzi
Województwo Liczba liter Miasto % Poprawnych
warmińsko-mazurskie 3 Ełk
82%
pomorskie 3 Hel
62%
wielkopolskie 4 Piła
51%
wielkopolskie 4 Koło
50%
lubuskie 4 Żary
50%
śląskie 4 Żory
50%
opolskie 4 Nysa
49%
pomorskie 4 Puck
47%
warmińsko-mazurskie 4 Pisz
46%
pomorskie 4 Reda
43%
warmińsko-mazurskie 3 Ryn
42%
łódzkie 4 Łódź
41%
pomorskie 4 Łeba
39%
kujawsko-pomorskie 4 Żnin
39%
podlaskie 4 Łapy
37%
łódzkie 4 Łask
37%
wielkopolskie 3 Buk
35%
lubelskie 4 Kock
34%
dolnośląskie 4 Góra
32%
śląskie 4 Łazy
32%
mazowieckie 4 Iłża
31%
kujawsko-pomorskie 4 Nowe
28%
lubelskie 4 Ryki
28%
małopolskie 4 Kęty
26%
mazowieckie 4 Brok
22%
wielkopolskie 4 Śrem
22%
warmińsko-mazurskie 4 Susz
21%
zachodniopomorskie 4 Recz
17%
dolnośląskie 4 Wleń
17%
lubuskie 4 Otyń
16%
Nie znaleziono quizów pasujących do podanych kryteriów
Rozkład punktacji
Procent ludzi z każdym wynikiem
Percentyl według liczby udzielonych odpowiedzi
Twoja historia wyników
Nie rozwiązałeś tego quizu